| 000 | 00451nam a2200157Ia 4500 | ||
|---|---|---|---|
| 003 | SGT | ||
| 020 | _a9788189757427 | ||
| 082 |
_a621.3821 _bSHA |
||
| 100 | _aSharma, Sanjay | ||
| 245 | _aData communication networks | ||
| 260 |
_bS.K. Kataria & SONS _aN.Delhi _c2010 |
||
| 300 | _a578p. | ||
| 650 | _aELECTRONICS ENGINEERING | ||
| 653 | _aINTRODUCTION TO DATA COMMUNICATION AND NETWORKS, THE DATA LINK LAYER , MEDIUM ACCESS SUBLAYER | ||
| 942 |
_2ddc _cBK |
||
| 999 |
_c5295 _d5295 |
||